Chinese county-level entitites you may want to know - Statistics

General Stats
  • This quiz has been taken 16 times
  • The average score is 10 of 15
Answer Stats
Hint Answer % Correct
City in central Zhejiang known as an international light industry market Yiwu
93%
Northernmost point of China Mohe
86%
Birthplace of Confucius Qufu
86%
Next to Shanghai, known for its Taiwanese factories Kunshan
79%
Where Mogao Caves are found Dunhuang
71%
Epicenter of the 2008 earthquake Wenchuan
71%
Ancient city as a UNESCO world heritage site in central Shanxi Pingyao
64%
Capital of Chinese Soviet Republic Ruijin
64%
Birthplace of Mao Zedong Shaoshan
64%
Birthplace of Chiang Kai-Shek Fenghua
57%
Where Sanxingdui is found Guanghan
57%
City in Western Yunnan known for its hot springs and a WWII martyr cemetery Tengchong
57%
Doubanjiang Pidu
43%
County in central Fujian known for its delicates Shaxian
29%
Home to many overseas Chinese and name of a variant of Cantonese Taishan
29%
No matching quizzes found
Score Distribution
Percent of People with Each Score
Percentile by Number Answered
Your Score History
You have not taken this quiz